Statistical inference for stochastic processes /
Guardado en:
| Autor Principal: | |
|---|---|
| Otros Autores: | |
| Formato: | Libro |
| Idioma: | English |
| Publicado: |
London ; New York :
Academic Press,
1980.
|
| Series: | Probability and mathematical statistics
|
| Materias: | |
| Etiquetas: |
Agregar Etiqueta
Sin Etiquetas, Sea el primero en etiquetar este registro!
|
| LEADER | 00793cam a2200241 a 4500 | ||
|---|---|---|---|
| 001 | MAT.inmabb004855 | ||
| 008 | 801217s1980####enk######b####001#0#eng## | ||
| 005 | 20130225164331.0 | ||
| 245 | 1 | 0 | |a Statistical inference for stochastic processes / |c Ishwar V. Basawa and B. L. S. Prakasa Rao. |
| 260 | |a London ; |a New York : |b Academic Press, |c 1980. | ||
| 300 | |a xiv, 435 p. ; |c 24 cm. | ||
| 440 | 0 | |a Probability and mathematical statistics | |
| 504 | |a Bibliografía: p. 415-431. | ||
| 510 | 4 | |a MR, |c 83h:62133 | |
| 020 | |a 0120802503 | ||
| 100 | 1 | |a Basawa, Ishwar V. | |
| 700 | 1 | |a Prakasa Rao, B. L. S. | |
| 650 | 0 | |a Stochastic processes. | |
| 650 | 0 | |a Mathematical statistics. | |
| 084 | |a 62Mxx |2 msc2000 | ||
| 010 | |a 79050533 | ||
| 040 | |a DLC |c DLC |d DLC | ||
| 859 | |h 62 |i B297 |p A-6033 |b BIB. MATEMATICA | ||
